|
|
|
|
| LEADER |
01340nam a2200385Ia 4500 |
| 001 |
EBC469197 |
| 003 |
MiAaPQ |
| 005 |
20200520144314.0 |
| 006 |
m o d | |
| 007 |
cr cn||||||||| |
| 008 |
080225s2008 inua s 001 0 eng d |
| 010 |
|
|
|z 2008008356
|
| 020 |
|
|
|z 047023959X
|
| 020 |
|
|
|z 9780470239599
|
| 035 |
|
|
|a (MiAaPQ)EBC469197
|
| 035 |
|
|
|a (Au-PeEL)EBL469197
|
| 035 |
|
|
|a (CaPaEBR)ebr10296727
|
| 035 |
|
|
|a (CaONFJC)MIL236775
|
| 035 |
|
|
|a (OCoLC)609847895
|
| 040 |
|
|
|a MiAaPQ
|c MiAaPQ
|d MiAaPQ
|
| 050 |
|
4 |
|a HF5415.1265
|b .A75 2008
|
| 082 |
0 |
4 |
|a 658.8/72
|2 22
|
| 100 |
1 |
|
|a Arikan, Akin,
|d 1969-
|
| 245 |
1 |
0 |
|a Multichannel marketing
|h [electronic resource] :
|b metrics and methods for on and offline success /
|c Akin Arikan.
|
| 260 |
|
|
|a Indianapolis, Ind. :
|b Wiley Pub.,
|c c2008.
|
| 300 |
|
|
|a xxiv, 288 p. :
|b ill.
|
| 490 |
1 |
|
|a Sybex serious skills
|
| 500 |
|
|
|a Includes index.
|
| 533 |
|
|
|a Electronic reproduction. Ann Arbor, MI : ProQuest, 2015. Available via World Wide Web. Access may be limited to ProQuest affiliated libraries.
|
| 650 |
|
0 |
|a Internet marketing.
|
| 650 |
|
0 |
|a Multilevel marketing.
|
| 655 |
|
4 |
|a Electronic books.
|
| 710 |
2 |
|
|a ProQuest (Firm)
|
| 830 |
|
0 |
|a Serious skills.
|
| 856 |
4 |
0 |
|u https://ebookcentral.proquest.com/lib/matrademy/detail.action?docID=469197
|z Click to View
|